| 000 | 00685nam a2200205Ia 4500 | ||
|---|---|---|---|
| 003 | GCL | ||
| 008 | 140319s9999 xx 000 0 ara d | ||
| 040 |
_aGCL / _cGCL |
||
| 082 | 0 | 4 |
_aم _b646.2 _bا م |
| 100 | 1 | _aانترناسيونال اكاديميا | |
| 245 | 1 | 0 |
_aمبادىء الخياطة - اسرار الخياطة للاطفال / _cانترناسيونال اكاديميا |
| 260 |
_a[S.N] : _bاكاديميا ، _c1992 |
||
| 490 |
_aزدنى علما _v0 |
||
| 650 | 0 | 4 | _aالملابس |
| 650 | 0 | 4 | _aالاقتصاد المنزلى |
| 650 | 0 | 4 | _aتفصيل الملابس |
| 650 | 0 | 4 | _aتصميم الازياء |
| 650 | 0 | 4 | _aالخياطة |
| 942 |
_2ddc _cREF |
||
| 999 |
_c59553 _d59553 |
||